<?xml version="1.0" encoding="UTF-8"?>
<record
    xmlns:xsi="http://www.w3.org/2001/XMLSchema-instance"
    xsi:schemaLocation="http://www.loc.gov/MARC21/slim http://www.loc.gov/standards/marcxml/schema/MARC21slim.xsd"
    xmlns="http://www.loc.gov/MARC21/slim">

  <leader>00361nam a2200169Ia 4500</leader>
  <datafield tag="100" ind1=" " ind2=" ">
    <subfield code="a">Haefel/Richard/ Chappell/D </subfield>
  </datafield>
  <datafield tag="650" ind1=" " ind2=" ">
    <subfield code="a">Java</subfield>
  </datafield>
  <datafield tag="942" ind1=" " ind2=" ">
    <subfield code="c">BK</subfield>
  </datafield>
  <datafield tag="366" ind1=" " ind2=" ">
    <subfield code="f">10</subfield>
  </datafield>
  <datafield tag="654" ind1=" " ind2=" ">
    <subfield code="a">java message</subfield>
  </datafield>
  <datafield tag="245" ind1=" " ind2=" ">
    <subfield code="a">Java Message Service</subfield>
  </datafield>
  <datafield tag="260" ind1=" " ind2=" ">
    <subfield code="b">Oreilly</subfield>
    <subfield code="a">New Delhi</subfield>
    <subfield code="c">2006</subfield>
  </datafield>
  <datafield tag="082" ind1=" " ind2=" ">
    <subfield code="a">005.133J/HAE</subfield>
    <subfield code="b">HAE</subfield>
  </datafield>
  <datafield tag="300" ind1=" " ind2=" ">
    <subfield code="a">220</subfield>
  </datafield>
  <datafield tag="546" ind1=" " ind2=" ">
    <subfield code="a">ENGLISH</subfield>
  </datafield>
  <datafield tag="999" ind1=" " ind2=" ">
    <subfield code="c">21942</subfield>
    <subfield code="d">21942</subfield>
  </datafield>
  <datafield tag="952" ind1=" " ind2=" ">
    <subfield code="0">0</subfield>
    <subfield code="1">0</subfield>
    <subfield code="4">0</subfield>
    <subfield code="7">0</subfield>
    <subfield code="8">CRC</subfield>
    <subfield code="a">CRCE</subfield>
    <subfield code="b">CRCE</subfield>
    <subfield code="c">1496 | 69</subfield>
    <subfield code="d">2023-03-17</subfield>
    <subfield code="e">Chemtech Books Pvt.Ltd.</subfield>
    <subfield code="g">215.00</subfield>
    <subfield code="i">8028 dt 20/08/2007</subfield>
    <subfield code="l">0</subfield>
    <subfield code="o">005.133J/HAE HAE</subfield>
    <subfield code="p">17658</subfield>
    <subfield code="r">2023-03-17</subfield>
    <subfield code="v">225.00</subfield>
    <subfield code="w">0000-00-00</subfield>
    <subfield code="y">BK</subfield>
  </datafield>
  <datafield tag="952" ind1=" " ind2=" ">
    <subfield code="0">0</subfield>
    <subfield code="1">0</subfield>
    <subfield code="4">0</subfield>
    <subfield code="7">0</subfield>
    <subfield code="8">CRC</subfield>
    <subfield code="a">CRCE</subfield>
    <subfield code="b">CRCE</subfield>
    <subfield code="c">1496 | 69</subfield>
    <subfield code="d">2023-03-17</subfield>
    <subfield code="e">Chemtech Books Pvt.Ltd.</subfield>
    <subfield code="g">215.00</subfield>
    <subfield code="l">0</subfield>
    <subfield code="o">005.133J/HAE HAE</subfield>
    <subfield code="p">17659</subfield>
    <subfield code="r">2023-03-17</subfield>
    <subfield code="v">225.00</subfield>
    <subfield code="w">0000-00-00</subfield>
    <subfield code="y">BK</subfield>
  </datafield>
  <datafield tag="952" ind1=" " ind2=" ">
    <subfield code="0">0</subfield>
    <subfield code="1">0</subfield>
    <subfield code="4">0</subfield>
    <subfield code="7">0</subfield>
    <subfield code="8">CRC</subfield>
    <subfield code="a">CRCE</subfield>
    <subfield code="b">CRCE</subfield>
    <subfield code="c">1496 | 69</subfield>
    <subfield code="d">2023-03-17</subfield>
    <subfield code="e">Chemtech Books Pvt.Ltd.</subfield>
    <subfield code="g">215.00</subfield>
    <subfield code="l">0</subfield>
    <subfield code="o">005.133J/HAE HAE</subfield>
    <subfield code="p">17660</subfield>
    <subfield code="r">2023-03-17</subfield>
    <subfield code="v">225.00</subfield>
    <subfield code="w">0000-00-00</subfield>
    <subfield code="y">BK</subfield>
  </datafield>
  <datafield tag="952" ind1=" " ind2=" ">
    <subfield code="0">0</subfield>
    <subfield code="1">0</subfield>
    <subfield code="4">0</subfield>
    <subfield code="7">0</subfield>
    <subfield code="8">CRC</subfield>
    <subfield code="a">CRCE</subfield>
    <subfield code="b">CRCE</subfield>
    <subfield code="c">1496 | 69</subfield>
    <subfield code="d">2023-03-17</subfield>
    <subfield code="e">Chemtech Books Pvt.Ltd.</subfield>
    <subfield code="g">215.00</subfield>
    <subfield code="l">0</subfield>
    <subfield code="o">005.133J/HAE HAE</subfield>
    <subfield code="p">17661</subfield>
    <subfield code="r">2023-03-17</subfield>
    <subfield code="v">225.00</subfield>
    <subfield code="w">0000-00-00</subfield>
    <subfield code="y">BK</subfield>
  </datafield>
</record>
